000 01062nam a22003257a 4500
001 80
003 FISKH
005 20230320103612.0
008 230221b cb ||||| |||| 00| 0 eng d
010 _a 83080021
020 _a0307020452
020 _a0307602214 (lib. bdg.)
040 _aDLC
_cDLC
_dDLC
_dFISKH
_beng
042 _alcac
050 0 0 _aPZ7.K94905
_bSu 1986
082 0 0 _a813
_219
100 1 _aKunhardt, Edith.
245 1 0 _aSummer vacation /
_cby Edith Kunhardt ; illustrated by Kathy Allert.
260 _aNew York :
_bGolden Press ;
_aRacine, Wis. :
_bWestern Pub. Co.,
_c1986
300 _a24 p.
_bcol. ill. ;
_c20 cm.
440 2 _aA Little golden book
520 _aAlthough two friends miss each other while on vacation, they manage to have fun and share their experiences when they return home.
521 8 _a400
_bLexile
521 8 _aF
_bRaz-Plus
650 1 _aVacations
_xFiction.
650 1 _aFriendship
_xFiction.
700 1 _aAllert, Kathy,
_eill.
906 _a7
_bcbc
_corignew
_d3
_eopcn
_f19
_gy-gencatlg
942 _2ddc
_cBK
_n0
999 _c80
_d80